Football : Tous les buteurs français depuis 2010 - Statistiques

Statistiques générales
  • Ce quiz a été pris 504 fois
    94 depuis la dernière actualisation
  • Le résultat moyen est 42 sur 70
Statistiques - réponses
Nombre Réponse Premier but Dernier but % Correct
56 Kylian Mbappé Pays-Bas août 2017 Brésil Mars 2026
100%
57 Olivier Giroud Allemagne février 2012 Chili mars 2024
99%
44 Antoine Griezmann Paraguay juin 2014 Allemagne septembre 2023
98%
11 Paul Pogba Biélorussie septembre 2013 Suisse juin 2021
92%
2 Théo Hernandez Belgique octobre 2021 Maroc décembre 2022
92%
28 Karim Benzema Bosnie septembre 2010 Danemark juin 2022
91%
7 Ousmane Dembélé Angleterre juin 2017 Croatie mars 2025
91%
9 Randal Kolo Muani Maroc décembre 2022 Espagne juin 2025
89%
5 Benjamin Pavard Argentine juin 2018 Écosse octobre 2023
87%
2 N'golo Kanté Russie mars 2016 Portugal novembre 2020
85%
9 Blaise Matuidi Pays-Bas mars 2014 Bulgarie octobre 2017
84%
5 Raphaël Varane Suède novembre 2014 Moldavie novembre 2019
84%
7 Adrien Rabiot Kazakhstan novembre 2021 Azerbaïdjan Octobre 2025
83%
9 Frank Ribéry Islande mai 2012 Australie octobre 2013
83%
3 Aurélien Tchouaméni Côte d'Ivoire mars 2022 Irlande septembre 2023
80%
3 Marcus Thuram Irlande septembre 2023 Colombie Mars 2026
80%
2 Désiré Doué Colombie Mars 2026 Colombie Mars 2026
79%
2 Florian Thauvin Andorre juin 2019 Azerbaïdjan Octobre 2025
79%
3 Bradley Barcola Italie septembre 2024 Islande Septembre 2025
78%
2 Eduardo Camavinga Ukraine octobre 2020 Israël octobre 2024
78%
4 Michael Olise Croatie mars 2024 Ukraine Novembre 2025
78%
4 Samuel Umtiti Angleterre juin 2017 Islande mars 2019
78%
1 Rayan Cherki Espagne juin 2025 Espagne juin 2025
74%
2 Dayot Upamecano Croatie septembre 2020 Pays-Bas mars 2023
72%
8 Mathieu Valbuena Costa Rica mai 2010 Portugal septembre 2015
72%
8 Dimitri Payet Belgique juin 2015 Suède novembre 2016
71%
8 Kingsley Coman Russie mars 2016 Gibraltar novembre 2023
70%
3 André-Pierre Gignac Arménie octobre 2014 Russie mars 2016
67%
1 Warren Zaïre-Emery Gibraltar novembre 2023 Gibraltar novembre 2023
67%
3 Samir Nasri Bosnie octobre 2011 Biélorussie septembre 2013
66%
2 Mamadou Sakho Ukraine novembre 2013 Ukraine novembre 2013
63%
2 Corentin Tolisso Albanie novembre 2020 Ukraine octobre 2020
62%
2 Nabil Fekir Belgique juin 2015 Irlande mai 2018
62%
3 Alexandre Lacazette Danemark mars 2015 Allemagne novembre 2017
61%
2 Jean-Philippe Mateta Islande Octobre 2025 Azerbaïdjan Novembre 2025
58%
2 Hugo Ekitike Ukraine Novembre 2025 Brésil Mars 2026
57%
1 Christophe Jallet Biélorussie septembre 2012 Biélorussie septembre 2012
55%
2 Moussa Sissoko Suisse juin 2014 Paraguay juin 2017
55%
4 Thomas Lemar Pays-Bas août 2017 Bolivie juin 2019
54%
2 Anthony Martial Italie septembre 2016 Ukraine septembre 2020
53%
1 Hatem Ben Arfa Norvège août 2010 Norvège août 2010
52%
1 Laurent Koscielny Écosse juin 2016 Écosse juin 2016
52%
3 Yohan Gourcuff Roumanie octobre 2010 Luxembourg mars 2011
52%
3 Youssouf Fofana Gibraltar novembre 2023 Chili mars 2024
52%
1 Adil Rami Islande mai 2012 Islande mai 2012
51%
3 Wissam Ben Yedder Andorre juin 2019 Afrique du Sud mars 2022
51%
2 Matteo Guendouzi Afrique du Sud mars 2022 Israël octobre 2024
49%
4 Yohan Cabaye Ukraine juin 2012 Arménie octobre 2015
48%
2 Jonathan Clauss Gibraltar novembre 2023 Luxembourg juin 2024
46%
1 Abou Diaby Finlande septembre 2012 Finlande septembre 2012
45%
2 Jérémy Ménez Estonie juin 2012 Ukraine juin 2012
45%
1 Philippe Mexes Luxembourg mars 2011 Luxembourg mars 2011
43%
2 Christopher Nkunku Israël octobre 2024 Islande Octobre 2025
42%
1 Djibril Sidibé Angleterre juin 2017 Angleterre juin 2017
42%
3 Kévin Gameiro Ukraine juin 2011 Bulgarie octobre 2016
42%
1 Maghnes Akliouche Azerbaïdjan Novembre 2025 Azerbaïdjan Novembre 2025
40%
2 Mathieu Debuchy Islande mai 2012 Australie octobre 2013
40%
6 Florent Malouda Afrique du Sud juin 2010 Serbie mai 2012
39%
2 Marvin Martin Ukraine juin 2011 Ukraine juin 2011
38%
1 Bafétimbi Gomis Italie novembre 2012 Italie novembre 2012
37%
7 Loïc Rémy Roumanie octobre 2010 Arménie octobre 2014
36%
1 Clément Lenglet Andorre septembre 2019 Andorre septembre 2019
30%
1 Layvin Kurzawa Italie septembre 2016 Italie septembre 2016
27%
1 Jonathan Ikoné Albanie septembre 2019 Albanie septembre 2019
25%
1 William Gallas Tunisie mai 2010 Tunisie mai 2010
24%
1 Kurt Zouma Andorre juin 2019 Andorre juin 2019
22%
1 Yann M'vila Albanie septembre 2011 Albanie septembre 2011
22%
1 Anthony Réveillère Albanie octobre 2011 Albanie octobre 2011
19%
1 Étienne Capoue Biélorussie septembre 2012 Biélorussie septembre 2012
12%
1 Younes Kaboul Ukraine juin 2011 Ukraine juin 2011
10%
Aucun quiz correspondant
Distribution des résultats
% des personnes avec chaque résultat
Percentile par nombre de réponses
Votre historique - résultats
Vous n’avez pas pris ce quiz depuis la dernière actualisation